Management of Information Security / (Record no. 36861)

MARC details
000 -LEADER
fixed length control field 00501nam a22001817a 4500
005 - DATE AND TIME OF LATEST TRANSACTION
control field 20250216095610.0
008 - FIXED-LENGTH DATA ELEMENTS--GENERAL INFORMATION
fixed length control field 250216b |||||||| |||| 00| 0 eng d
020 ## - INTERNATIONAL STANDARD BOOK NUMBER
ISBN 9781305501256
082 ## - DEWEY DECIMAL CLASSIFICATION NUMBER
Classification number 658.478
Item number WHI-M
100 ## - MAIN ENTRY--AUTHOR
Author Name Whoitman, Michael E.
245 ## - TITLE STATEMENT
Title Management of Information Security /
Statement of responsibility, etc. Herbert J.Mattord
250 ## - EDITION STATEMENT
Edition statement 5TH ED.
260 ## - PUBLICATION, DISTRIBUTION, ETC.
Place of Publication USA:
Name of publisher, distributor, etc. Cengage learning.;
Date of publication, distribution, etc. 2017.
300 ## - PHYSICAL DESCRIPTION
Pages xxi, 650 p. :
500 ## - GENERAL NOTE
General note include index.
650 ## - SUBJECT ADDED ENTRY--TOPICAL TERM
Subject / Department Security
300 ## - PHYSICAL DESCRIPTION
-- ill;
-- 24 cm.
952 ## - LOCATION AND ITEM INFORMATION (KOHA)
-- 0
-- 0
952 ## - LOCATION AND ITEM INFORMATION (KOHA)
-- 0
-- 0
952 ## - LOCATION AND ITEM INFORMATION (KOHA)
-- 0
-- 0
952 ## - LOCATION AND ITEM INFORMATION (KOHA)
-- 0
-- 0
952 ## - LOCATION AND ITEM INFORMATION (KOHA)
-- 0
-- 0
Holdings
Lost status Damaged status Collection code Permanent Location Current Location Shelving Location Date acquired Full Call Number Accession No./Barcode Date last seen Copy number item type Koha item type
    CS/IT Superior Information Resource Center (SIRC) Superior University- Gold Campus Superior Information Resource Center (SIRC) Superior University- Gold Campus Security 02/16/2025 658.478 WHI-M 2017 17955 02/16/2025 1 BOOK BOOK
    CS/IT Superior Information Resource Center (SIRC) Superior University- Gold Campus Superior Information Resource Center (SIRC) Superior University- Gold Campus Security 02/16/2025 658.478 WHI-M 2017 17957 02/16/2025 2 BOOK BOOK
    CS/IT Superior Information Resource Center (SIRC) Superior University- Gold Campus Superior Information Resource Center (SIRC) Superior University- Gold Campus Security 02/16/2025 658.478 WHI-M 2017 17958 02/16/2025 3 BOOK BOOK
    CS/IT Superior Information Resource Center (SIRC) Superior University- Gold Campus Superior Information Resource Center (SIRC) Superior University- Gold Campus Security 02/16/2025 658.478 WHI-M 2017 17954 02/16/2025 4 BOOK BOOK
    CS/IT Superior Information Resource Center (SIRC) Superior University- Gold Campus Superior Information Resource Center (SIRC) Superior University- Gold Campus Security 02/16/2025 658.478 WHI-M 2017 17956 02/16/2025 5 BOOK BOOK

Powered by Koha